ნორმალური ფორმატი
MARC ფორმატი
ჩანაწერი Personal Name
ჩანაწერთა რაოდენობა, რომელიც გამოყენებულია: 1
001 - CONTROL NUMBER
- control field: 20474
003 - CONTROL NUMBER IDENTIFIER
- control field: GE_BSU
005 - DATE AND TIME OF LATEST TRANSACTION
- control field: 20231124163320.0
008 - FIXED-LENGTH DATA ELEMENTS
- fixed length control field: 231124|| aca||aabn | a|a d
040 ## - CATALOGING SOURCE
- Original cataloging agency: GE_BSU
- Transcribing agency: GE_BSU
100 ## - HEADING--PERSONAL NAME
- Personal name: კავლელაშვილი, ამბროსი
- Relator term: ტექსტის ავტორი
670 ## - SOURCE DATA FOUND
- Source citation: Work cat.: (GE_BSU): კავლელაშვილი, ელენე 18383, მხერის ეკლესიის კედლის მხატვრობა ზემო სვანეთში /
